000 00501nam a2200205Ia 4500
008 210210b2019 xxu||||| |||| 00| 0 eng d
020 _a9788170337195
041 _aeng
082 _a341.481 SYMH
100 _aSYMONIDES (Janusz) Ed
245 _aHuman rights: concepts and standards
260 _aJaipur
_bRawat Publications
_c2019
300 _axvi,373
650 _astandards
650 _arights:
650 _aHuman
650 _aconcepts
690 _aHuman Rights
906 _a074182
999 _c124005
_d124005